[Event "81st ARM-ch 1st League 2021"]
[Site "Yerevan"]
[Date "2021.01.23"]
[Round "2.2"]
[White "Vardanian, Haik G."]
[Black "Harutyunian, Tigran K."]
[Result "1/2-1/2"]
[WhiteElo "2389"]
[BlackElo "2549"]
[Annotator "TA"]
[PlyCount "95"]
[EventDate "2021.01.20"]
[EventType "tourn"]
[EventCountry "ARM"]
[SourceTitle "playchess.com"]
[Source "ChessBase"]
[SourceQuality "1"]

{[%evp 9,95,8,19,-6,20,-11,0,0,41,-2,-9,-16,-3,-27,-27,-18,-12,-70,-78,-75,-69,-78,-81,-135,-64,-76,-75,-77,-37,-71,-10,-10,-10,-12,70,53,49,61,122,118,127,129,62,-12,-25,-59,-68,-106,0,0,0,0,0,0,0,0,0,0,0,0,0,0,0,0,0,0,530,515,507,463,455,0,0,0,535,0,0,0,0,0,0,0,0,0,0,0,0,0]} 1. e4 e5 2. Nf3 Nc6 3. Nc3 Nf6 4. Bb5 Nd4 5. Bc4 Bc5 6. d3 {C48: Four Knights: 4 Bb5, replies other than 4...Bb4.} c6 7. Bb3 (7. Nxe5 {is more complex.} d5 8. exd5 cxd5 9. Bb3 O-O 10. O-O) 7... Nxb3 8. axb3 O-O 9. O-O d6 10. h3 {[#]} Bb6 $146 ({Predecessor:} 10... h6 11. Na4 Bb4 12. c3 Ba5 13. b4 Bc7 14. c4 d5 15. Qe2 Qe7 16. Bd2 b6 17. Rfc1 d4 18. b3 Be6 19. Nb2 Nd7 20. Rd1 Nb8 21. Rdc1 {0-1 (21) Fakhiridou,E (2225)-Gevorgyan,M (2065) Tbilisi 2011}) 11. Bg5 h6 12. Bh4 g5 13. Bg3 (13. Nxg5 $1 $11 hxg5 14. Bxg5) 13... Nh5 $15 14. Kh2 f5 15. exf5 Bxf5 16. Nd2 (16. b4 $142) 16... Qe8 (16... Bg6 $17 17. Nc4 Bc7) 17. Nc4 Bc7 18. d4 Bg6 19. d5 Nxg3 ({Better is} 19... a5 $17) 20. fxg3 $11 Rxf1 21. Qxf1 Bxc2 (21... Qf7 $11) 22. Ne3 $1 $14 {[%cal Re3c2]} Bg6 (22... Bxb3 23. Qf6 $16) 23. Ng4 {[%mdl 1024] aiming for Nf6+. White has compensation.} Qf8 (23... Kh8 $14) 24. Qc4 $1 $16 c5 25. Rf1 Qg7 26. Ne4 (26. b4 $14) 26... Rf8 $36 {[%mdl 2048] White is under pressure.} 27. Ngf6+ Kh8 {Hoping for ...Bd8.} 28. g4 Bd8 ({Black should try} 28... Qe7 $17 29. Rf3 Ba5) 29. Nh5 Qe7 30. Nhg3 Rf4 31. Nf5 Bxf5 32. gxf5 Qd7 33. Rxf4 gxf4 34. Qe2 Qxf5 {...Be7 is the strong threat.} 35. Nxd6 {[%mdl 64] Double Attack} Qf6 36. Nxb7 Bc7 37. Qg4 {Strongly threatening Qc8+.} f3 $2 {[%mdl 8192]} (37... Qf8 $11 {and Black is okay.}) 38. Qc8+ $18 Bd8 {[#] White must now prevent ...f2.} 39. Kg1 ({Weaker is} 39. Nxd8 Qf4+ 40. Kg1 Qe3+ 41. Kh2 Qf4+ 42. Kg1 Qe3+ 43. Kh2 Qf4+ $11) ({Inferior is} 39. Qxd8+ Qxd8 40. Nxd8 f2 $11) 39... Qg7 {[%csl Gf3][%cal Rg7g2]} ({But not} 39... f2+ 40. Kf1) 40. Qxd8+ $2 (40. g4 $18 e4 41. Qxd8+ Kh7 42. Nd6) 40... Kh7 $11 {[%csl Gf3][%cal Rg7g2]} 41. g4 {Threatens to win with d6.} e4 $2 {[%mdl 8192] [#]} (41... Qxb7 $11 {and Black stays safe.} 42. h4 Qf7) 42. Qc8 $2 (42. Nd6 $1 $18) 42... Qd4+ {The position is equal.} 43. Kh1 Qf2 {[%csl Gf3][%cal Rf2g2]} 44. Qd7+ Kg8 {[%csl Gf3][%cal Rf2g2]} 45. Qe8+ Kg7 {[%csl Gf3][%cal Rf2g2]} 46. Qd7+ Kg8 {[%csl Gf3][%cal Rf2g2]} 47. Qe8+ Kg7 {[%csl Gf3][%cal Rf2g2]} 48. Qd7+ {Weighted Error Value: White=0.31/Black=0.46} 1/2-1/2

[Event "81st ARM-ch 1st League 2021"]
[Site "Yerevan"]
[Date "2021.01.23"]
[Round "2.3"]
[White "Ohanyan, Emin"]
[Black "Shahinyan, David"]
[Result "1-0"]
[WhiteElo "2255"]
[BlackElo "2452"]
[Annotator "TA"]
[PlyCount "101"]
[EventDate "2021.01.20"]
[EventType "tourn"]
[EventCountry "ARM"]
[SourceTitle "playchess.com"]
[Source "ChessBase"]
[SourceQuality "1"]

{[%evp 14,101,34,11,13,-8,20,23,19,16,41,0,6,-2,-6,-8,9,-9,-11,-26,0,0,0,0,0,0,0,0,0,0,37,40,64,55,58,9,13,19,53,0,0,-16,-17,-18,-26,-39,-15,-26,-15,-14,-8,-39,-39,-47,-29,-35,35,40,43,37,54,48,172,164,161,177,264,270,319,252,339,353,461,454,649,470,477,475,449,448,629,597,1338,1323,1278,1237,1102,1099,1246,1097]} 1. e4 e5 2. Nc3 Nc6 3. Nf3 d6 4. Bc4 Be7 5. d4 exd4 6. Nxd4 Nf6 7. O-O O-O 8. Kh1 Bd7 {C50: Hungarian Defence and Giuoco Pianissimo.} 9. f3 {[#]} a6 $146 (9... Ne5 $5 {[%cal Re5c4]} 10. Be2 c5 $11) ({Predecessor:} 9... Ne5 10. Be2 a6 11. f4 Nc6 12. Bf3 Nxd4 13. Qxd4 c5 14. Qd1 Bc6 15. Be3 Qc7 16. Nd5 Nxd5 17. exd5 Bb5 18. Rg1 Rfe8 19. Qd2 Bf6 {½-½ (37) Denissov,E (1866)-Durmisi,V (1287) Friedrichshafen 2005}) 10. a3 Re8 {White has an edge.} 11. Ba2 Ne5 12. Nde2 c6 13. Bf4 Qc7 14. Qd2 b5 15. Rad1 Rad8 16. Nc1 Qb7 17. Nd3 Nc4 18. Qf2 Be6 19. Bc1 d5 20. e5 Nd7 21. f4 {Hoping for f5.} f5 22. Ne2 c5 23. c3 Qc8 24. Ne1 a5 {[%cal Ba6a5,Ba5a4,Ba4b3][%mdl 32]} 25. Bb1 Nf8 26. Nc2 (26. b3 $14) 26... a4 $11 27. Rd3 Nd7 28. Rfd1 Ndb6 29. Ba2 Na5 (29... Kh8 {looks sharper.} 30. Qg3 Bf7 31. Ne1 Qe6 32. Kg1 h6) 30. Ne3 {[%cal Re3d5]} Nb3 31. Bxb3 axb3 32. Qf3 Rd7 33. h3 Red8 34. Kh2 d4 (34... g6 $15) 35. cxd4 $14 cxd4 36. Rxd4 Rxd4 37. Rxd4 Bc5 {Black cannot hold the game after this.} (37... Rd7 $1 $14) 38. Rxd8+ $18 Qxd8 39. Qc6 Qe7 (39... Qc8 {was worth a try.} 40. Qxb5 Nd7) 40. Qxb5 g6 41. Nc3 Kg7 {[#]} 42. a4 $1 {[%cal Ba3a4,Ba4a5][%mdl 32]} g5 43. a5 {White is clearly winning.} Bd7 {[#]} (43... Na8 $142 44. Ncd5 Nc7) 44. e6 $1 {[%mdl 512]} Bxb5 45. Nxf5+ {[%mdl 64] Double Attack} Kf6 46. Nxe7 Kxe7 (46... Bc4 $142 47. Nc6 Kxe6 48. axb6 Bxb6 49. fxg5 Bc7+ 50. g3 Bb6) 47. Nxb5 Nc4 48. f5 Kf6 49. a6 Kxf5 50. a7 Nb6 {[#]} 51. Be3 $1 {[%mdl 576] Promotion.  Weighted Error Value: White=0.13/Black=0.33} 1-0

[Event "81st ARM-ch 1st League 2021"]
[Site "Yerevan"]
[Date "2021.01.23"]
[Round "2.4"]
[White "Gharibyan, Mamikon"]
[Black "Yeremyan, Alen"]
[Result "1-0"]
[WhiteElo "2432"]
[BlackElo "2274"]
[Annotator "TA"]
[PlyCount "67"]
[EventDate "2021.01.20"]
[EventType "tourn"]
[EventCountry "ARM"]
[SourceTitle "playchess.com"]
[Source "ChessBase"]
[SourceQuality "1"]

{[%evp 11,67,7,10,16,28,23,22,27,29,0,0,0,0,0,54,20,62,31,31,8,63,59,46,46,60,41,52,50,50,43,58,59,71,38,80,12,60,16,175,176,172,179,371,377,391,363,694,691,667,676,675,664,650,617,1292,764,1451,1447]} 1. Nf3 Nf6 2. c4 c5 3. g3 g6 4. b3 Bg7 5. Bb2 O-O 6. Bg2 d5 7. cxd5 {A05: Réti Opening: 1 Nf3 Nf6.} Qxd5 8. Nc3 Qd6 9. Rc1 {The position is equal.} Bd7 {[#]} 10. Na4 $146 ({Predecessor:} 10. O-O Bc6 11. Ba3 e5 12. e3 Bh6 13. Qe2 Nbd7 14. Rfd1 Rfe8 15. h3 b6 16. d3 {½-½ (48) Gordievsky,D (2555)-Shuvalova,P (2393) St Petersburg 2016}) 10... Bxa4 11. bxa4 Nc6 12. O-O Rfd8 (12... Nd7 $11 13. Ba3 Rac8) 13. Qb3 h6 14. Rfd1 (14. Qxb7 $2 Rab8 $19) 14... e5 15. d3 (15. Qxb7 $2 Rdb8 $19) 15... Rac8 (15... Rab8 $11) 16. Nd2 $14 (16. Qxb7 $2 Rb8 $19) 16... Qe7 17. Nc4 Ne8 18. a5 Rc7 19. Qa4 Nd4 20. Kf1 Qe6 21. e3 Nc6 22. Qb3 Rcd7 23. a3 (23. Ba3 $16) 23... Kh7 24. Qb5 Rxd3 $2 {Loses the game.} (24... a6 $11 {and Black stays safe.} 25. Qb6 (25. Qxc5 $2 Rd5 $19) 25... Nd6 26. Nxd6 (26. Qxc5 Nxc4 27. Qxc4 Qxc4 $11) (26. Bxc6 bxc6 27. Qxc6 Qf5 $14) 26... Rxd6 27. Bxc6 (27. Qxb7 $2 Rb8 $19) (27. Qxc5 Rxd3 28. Rxd3 Rxd3 $11) 27... bxc6) 25. Rxd3 $18 Rxd3 {[#]} 26. a6 $1 {[%cal Ba5a6,Ba6b7][%mdl 32]} ({Inferior is} 26. Qxb7 e4 $11) 26... Nd6 {[#]} (26... Qd7 27. Ke1 Nd8 28. Qxd7 (28. Qxc5 b6 $11) 28... Rxd7) 27. Nxd6 $1 Qxd6 28. Ke1 c4 $2 (28... f5 29. axb7 Nb8) 29. axb7 {White is clearly winning.} Nb8 {intending ...Rb3.} 30. Qxc4 f5 31. Bf1 Rd5 32. Be2 Nd7 33. Qc6 Bf8 {[#]} 34. Qxd7+ $3 {[%mdl 576] Remove Defender, Promotion.  Weighted Error Value: White=0.17/Black=0.44} 1-0

[Event "81st ARM-ch 1st League 2021"]
[Site "Yerevan"]
[Date "2021.01.23"]
[Round "2.5"]
[White "Hayrapetyan, Hovik"]
[Black "Barseghyan, Armen Ar."]
[Result "0-1"]
[WhiteElo "2488"]
[BlackElo "2362"]
[Annotator "TA"]
[PlyCount "118"]
[EventDate "2021.01.20"]
[EventType "tourn"]
[EventCountry "ARM"]
[SourceTitle "playchess.com"]
[Source "ChessBase"]
[SourceQuality "1"]

{[%evp 19,118,0,0,0,0,0,0,-6,-4,-73,-29,-22,-17,-17,-18,-24,-32,-31,-22,-27,-22,-89,-27,-95,-107,-118,-125,-150,-164,-157,-145,-229,-210,-200,-145,-192,-200,-235,-216,-252,-234,-229,-137,-530,-519,-532,-540,-515,-519,-468,-381,-598,-598,-579,-585,-889,-889,-829,-680,-897,-838,-771,-760,-744,-737,-950,-881,-993,-975,-985,-935,-1198,-1178,-1157,-1056,-1794,-1787,-1502,-1762,-1753,-1741,-1653,-1653,-1327,-1378,-1635,-1491,-29970,-29971,-6111,-29973,-29976,-29974,-29973,-29974,-29975,-29976,-29978,-29979,-29977,-29977]} 1. d4 Nf6 2. c4 e6 3. Nf3 d5 4. Nc3 a6 5. b3 c5 6. dxc5 Bxc5 7. cxd5 exd5 8. e3 O-O 9. Be2 Nc6 10. O-O Re8 11. Bb2 {D32: Tarrasch Defence: Sidelines and lines without g3.} Ba7 12. Rc1 Qd6 13. Re1 {The position is equal.} Bf5 {[#]} 14. Bf1 $146 (14. Na4 $11) ({Predecessor:} 14. Qd2 Rad8 15. Nd4 Bc8 16. Bf3 Ne5 17. Be2 Bb8 18. g3 Ne4 19. Nxe4 dxe4 20. Qc2 Qg6 21. Red1 Bg4 22. f3 exf3 23. Qxg6 hxg6 24. Bf1 f2+ 25. Kxf2 Bxd1 26. Rxd1 Ng4+ 27. Kf3 Nxh2+ {0-1 (27) Segundo da Costa,P-Asfora,M Cabo Frio 1984}) 14... Rad8 (14... d4 $5 {[%cal Rf6g4]} 15. Ne2 dxe3 16. Qxd6 exf2+ 17. Kh1 fxe1=R 18. Nxe1 (18. Rxe1 Ne4 $17) 18... Ne4 $17) 15. Ne2 {[#]} Rxe3 $1 16. Bxf6 (16. fxe3 $2 Bxe3+ 17. Kh1 Ne4 $19) 16... Rd3 17. Bxd8 ({But not} 17. Rxc6 bxc6 18. Qa1 Rxf3 $1 $17 {[%mdl 512]}) 17... Rxd1 18. Rcxd1 {Threatens to win with Ned4.} Qxd8 19. Nf4 d4 20. Ne5 {[#]} (20. h3 $11) 20... g6 (20... Nxe5 $1 $17 21. Rxe5 g6) 21. Nfd3 (21. Nxc6 $11 {keeps the balance.} bxc6 22. Bxa6) 21... Ne7 $17 22. Nf4 Bb8 23. g3 Bxe5 24. Rxe5 {next Rde1 is good for White.} Nc6 25. Rd5 {[#]} (25. Rc5 $17 {was necessary.}) 25... Qe7 $1 $19 26. Bg2 Qb4 27. h4 Qc3 28. Rd6 {intending Bxc6.} Bg4 29. Rf1 {Nd5 is the strong threat.} Kg7 30. Be4 Ne5 31. f3 $2 {[%mdl 8192] This costs White the game.} (31. Rd5 $17 Nf3+ 32. Bxf3 Bxf3 33. Rd7) 31... Nxf3+ 32. Bxf3 Bxf3 33. Rd7 Qe3+ 34. Kh2 h6 35. b4 (35. Nh3 {keeps fighting.}) 35... g5 36. hxg5 hxg5 37. Nh3 {Strongly threatening Rxf7+!} g4 38. Nf4 Qe5 39. a4 Qe4 40. Nh5+ Kh6 41. Nf4 Qe3 42. b5 a5 43. Rd6+ Kg7 44. Rd8 Qc3 45. Nh5+ Kh7 46. Nf4 Qc7 47. Rxd4 Qc2+ 48. Kg1 Qc5 49. Ne2 Bxe2 50. Rxf7+ Kg6 51. Rfd7 Bf3 {( -> ...Qe5)} 52. Kf2 Kf5 53. Ke3 Ke5 54. Kd3 {[#]} Be2+ $1 {[%mdl 512]} 55. Ke3 {Black mates.} (55. Kxe2 Qxd4) 55... Qc3+ 56. Kxe2 Qxd4 57. Rxd4 Kxd4 58. Kd2 b6 59. Ke2 Ke4 {Weighted Error Value: White=0.81/Black=0.07} 0-1

[Event "81st ARM-ch 1st League 2021"]
[Site "Yerevan"]
[Date "2021.01.23"]
[Round "2.6"]
[White "Danielyan, Vahe"]
[Black "Babujian, Levon"]
[Result "1/2-1/2"]
[WhiteElo "2357"]
[BlackElo "2440"]
[Annotator "TA"]
[PlyCount "164"]
[EventDate "2021.01.20"]
[EventType "tourn"]
[EventCountry "ARM"]
[SourceTitle "playchess.com"]
[Source "ChessBase"]
[SourceQuality "1"]

{[%evp 18,164,0,0,23,0,10,8,33,26,40,24,18,15,16,19,29,22,29,28,31,31,68,56,49,0,0,0,0,0,0,-2,0,0,-5,-5,-8,-4,0,0,0,0,0,0,5,0,0,0,0,0,0,0,0,-6,0,0,0,0,0,0,0,-24,-9,-4,-17,-55,-24,-31,-33,-79,-21,-99,-95,-92,-91,-98,-89,-143,-102,-119,-55,-76,-110,-105,-59,-49,-35,-79,-16,-133,0,-101,-88,-174,-168,-154,-32,-67,-20,-37,0,-16,0,0,0,0,0,0,0,0,-28000,-28000,-28000,-28000,-28000,-28000,-28000,-28000,-28000,-28000,-28000,-28000,-28000,-28000,-28000,-28000,-28000,-28000,-28000,-28000,-28000,-28000,-28000,-28000,-28000,-28000,-28000,-28000,-28000,-28000,-28000,-28000,-28000,-28000,-28000,-28000,-28000,-28000,-28000]} 1. e4 c5 2. Nc3 e6 3. Nf3 a6 4. d4 cxd4 5. Nxd4 d6 6. g3 Nf6 7. Bg2 Be7 8. O-O O-O 9. b3 Qc7 10. Bb2 Bd7 {B80: Sicilian Scheveningen: 6 g3 and 6 Be3, including English Attack.} 11. Rc1 Nc6 12. Nce2 Rac8 {The position is equal.} 13. c4 Rfd8 14. h3 Qb8 15. a4 Nxd4 16. Nxd4 {[#]} b5 $146 ({Predecessor:} 16... Be8 17. Qe2 Bf8 18. f4 Nd7 19. Kh1 Nc5 20. Qe3 a5 21. Ba1 b6 22. Rb1 {½-½ (22) Rayner,F (2073)-Sands,D (2088) Cardiff 2018}) 17. cxb5 axb5 18. a5 b4 19. Qd2 Bf8 20. Rxc8 (20. Nc2 {with more complications.} Qa8 21. Bxf6 gxf6 22. Ra1 Rc3 23. Nxb4 Rdc8 24. a6) 20... Rxc8 21. Rc1 Rxc1+ 22. Qxc1 e5 $1 {[%cal Re5d4]} 23. Nc2 Qb5 24. Qa1 Bc6 25. a6 Nxe4 26. Qe1 d5 {aiming for ...f6.} 27. Bxe5 Qxa6 28. Nxb4 Qa5 29. Qc1 Bb7 30. Nd3 Ba6 31. Qc2 Qb6 32. Kh2 f6 33. Bc7 Qd4 34. Nf4 Bb7 35. Ba5 Bc5 ({Don't blunder} 35... Nxf2 $2 36. Qc7 $18) 36. Nd3 Bd6 37. Bc7 {Threatening Bxd6.} Bf8 38. Ba5 h5 39. Nf4 {Qc7 is the strong threat.} h4 {And now ...Bc5 would win.} ({But not} 39... Nxf2 $6 40. Ne6 $16) 40. Ne6 {[%cal Re6d4]} Qe5 $36 {[%cal Rh4g3][%mdl 2048] Black has good play.} 41. Qc7 Nxf2 {( -> ...hxg3+)} (41... Qxe6 {with more complications.} 42. Qxb7 Bc5 43. Be1 Qe5 44. Qc8+ Kh7) 42. Qxe5 fxe5 43. gxh4 Bd6 (43... Be7 $17) 44. b4 (44. Bc7 $1 $11 Bxc7 45. Nxc7) 44... Nd3 45. b5 e4+ 46. Kg1 Bc8 47. Nd8 ({Better is} 47. Ng5) 47... Be7 48. h5 Kh7 (48... Nf4 $17 49. Bb6 Nxh5) 49. Bb6 Kh6 50. Nc6 Bg5 (50... Bf6 {feels hotter.} 51. Bf1 Kxh5 52. Kg2 Kh4 53. Bxd3 exd3 54. Kf2 Kxh3 55. Ke3 g5) 51. Bd4 Kxh5 52. b6 Bf6 (52... Nc1 $17 53. Kf2 Nd3+ 54. Kg1 Bf6 55. Bxf6 gxf6) 53. Be3 (53. Bf1 $1 $11 {keeps the balance.}) 53... Bg5 54. Bd4 Nc1 {White must now prevent ...Ne2+.} 55. Bf1 (55. Bf2 $17) 55... e3 $19 {Hoping for ...e2.} 56. Bg2 {[#]} e2 ({Black should try} 56... Ne2+ $1 $17 57. Kf1 Nxd4 58. Nxd4 Ba6+ 59. Ne2 Bd8) 57. Bf3+ Kg6 58. Bf2 {[#]} Be3 $1 59. Kg2 {Threatens to win with Ne7+.} Bxh3+ {[%mdl 64] Deflection} 60. Kxh3 Bxf2 61. Bxe2 $1 Bxb6 $11 {[%mdl 4096] Endgame KBN-KBN} 62. Ne7+ $1 Kg5 63. Nxd5 Nxe2 $2 {[%mdl 8192] Black continues to play with concentration.} (63... Ba5 $11 64. Bc4 Kf5) 64. Nxb6 {KN-KN. Mate.} Kf5 65. Kg2 Ke4 66. Nc4 Kf4 67. Nb2 Kg4 68. Nc4 Nf4+ 69. Kf2 Nd3+ 70. Ke3 Nc5 71. Ne5+ Kf5 72. Nf3 Ne6 73. Kf2 Kf4 74. Kg2 Nc5 75. Nd4 g6 76. Ne2+ Ke3 77. Ng3 Nd3 78. Nf1+ Kf4 79. Nd2 Ne5 80. Nb3 Ke4 81. Kg3 Nc4 82. Kg4 Ke5 {[%mdl 32768] Weighted Error Value: White=0.17/Black=0.20. An unexpected result.} 1/2-1/2

[Event "81st ARM-ch 1st League 2021"]
[Site "Yerevan"]
[Date "2021.01.23"]
[Round "2.7"]
[White "Mikaelyan, Arman"]
[Black "Davtyan, Artur"]
[Result "1/2-1/2"]
[WhiteElo "2485"]
[BlackElo "2466"]
[Annotator "TA"]
[PlyCount "189"]
[EventDate "2021.01.20"]
[EventType "tourn"]
[EventCountry "ARM"]
[SourceTitle "playchess.com"]
[Source "ChessBase"]
[SourceQuality "1"]

{[%evp 13,189,28,22,25,32,28,46,39,47,0,0,0,0,0,0,0,-4,-6,0,-4,-4,-2,-12,-7,22,17,23,21,24,2,0,0,0,0,12,0,8,0,41,0,0,0,0,0,2,0,0,0,0,0,0,0,0,-67,0,-7,-11,-10,0,-31,-31,-95,-8,-179,-108,-102,-113,-98,-43,-43,-43,-43,-43,-43,-43,-43,-43,-43,-43,-45,-45,-46,-46,-46,-46,-46,-46,-46,-46,-46,-46,-46,-46,-46,-43,-46,-26,-26,-8,-39,-39,-39,-39,-39,-39,-39,-39,-39,-39,-39,0,-39,-39,-39,-39,-41,0,-39,-39,-39,-39,-39,-19,-44,-39,-44,-44,-44,-14,-14,-14,-14,-14,-21,-8,-39,-24,-39,0,-39,-39,-39,-39,-39,-8,-39,-39,-39,-39,-39,-39,-39,-8,-44,-8,-39,-39,-39,0,-8,0,-39,-8,-8,0,-39,-39,-39,-39,-39,-8,-8,-8,-8,-8,-8,0,0]} 1. d4 d5 2. c4 e6 3. Nc3 Be7 4. Nf3 Nf6 5. Bf4 O-O 6. a3 a6 7. e3 dxc4 8. Bxc4 {D37: Queen's Gambit Declined: 5 Bf4.} b5 9. Bd3 Nbd7 10. b4 {[#] White is slightly better.} a5 $146 ({Predecessor:} 10... Bb7 11. e4 Nb6 12. Qe2 Ne8 13. O-O Nd6 14. Nd2 Bg5 15. Bxg5 Qxg5 16. Nb3 e5 {½-½ (30) Popov,M (2378)-Siddharth,S (2087) Voronezh 2017}) 11. Nxb5 Nd5 12. Qc2 axb4 13. O-O $1 (13. Nxc7 b3 $1 $19) (13. Bxh7+ Kh8 $17) 13... Bb7 14. Bg3 ({Of course not} 14. Bxc7 Nxc7 15. Qxc7 (15. Nxc7 $2 Rc8 $19) (15. Bxh7+ Kh8 $17) 15... Qxc7 $17) (14. Nxc7 $2 Rc8 $19) 14... bxa3 {White should prevent ...Nb4.} 15. Qb3 ({Reject} 15. Bxc7 Nxc7 16. Qxc7 Qxc7 $17) ({Don't play} 15. Bxh7+ Kh8 $15) (15. Nxc7 Rc8 $17) 15... c5 16. Nxa3 Nb4 17. Be2 Bd5 18. Qb2 Nb6 19. Nb5 {And now Bc7 would win.} c4 20. Nc3 Qd7 21. Nd2 Rfc8 22. Rxa8 Rxa8 23. Ra1 Qb7 24. e4 Bc6 25. Rb1 Qd7 26. Nf3 Na4 27. Nxa4 Rxa4 28. Ne5 Qe8 {Strongly threatening ...Ra2.} 29. Nxc6 Qxc6 30. d5 $1 {[%cal Rd5c6]} exd5 31. exd5 Qxd5 32. Qc1 Nd3 33. Qe3 {[#]} (33. Rb8+ $11 Bf8 34. Qe3 Ra1+ 35. Bf1) 33... Bf8 (33... Rb4 $1 $15 34. Ra1 (34. Rd1 Bc5) 34... Kf8) 34. h4 Rb4 $36 {[%mdl 2048] Black has some pressure.} 35. Ra1 Qd8 36. Qe4 Nc5 37. Qc2 (37. Qe5 $15) 37... Nb3 (37... Qf6 $1 $17 {[%cal Rf6a1]} 38. Ra3 Ne6) 38. Qd1 {[#]} (38. Rd1 $11 {and White has nothing to worry.} Nd4 39. Bxc4) 38... Nd4 (38... Qxd1+ $1 $19 39. Rxd1 c3) 39. Bf1 $17 c3 {Hoping for ...c2.} 40. Rc1 {[#]} Qc8 ({Better is} 40... Qf6 $1 $17 {...c2 is the strong threat.} 41. Bd3 Qc6) 41. Be5 {[#]} c2 $1 42. Qd3 Qg4 {White must now prevent ...Rb1.} 43. Bxd4 Rxd4 44. Qxc2 Qxh4 45. Rd1 g6 {Threatens to win with ...Bd6.} (45... Rxd1 {is interesting.} 46. Qxd1 Bc5 47. Qe1 Qd8 48. Qe5 Bd4) 46. Rxd4 Qxd4 47. Qd3 Qe5 48. g3 Bc5 49. Kg2 Qb2 50. Qe2 Qd4 51. Qf3 h5 52. Bb5 Kg7 53. Bc6 Be7 54. Bd5 Bf6 55. Qb3 h4 56. Qf3 hxg3 57. fxg3 Qa7 58. Qb3 Qe7 59. Qf3 Be5 60. Qb3 Bd4 61. Qf3 Be5 62. Qb3 Qc7 63. Qf3 Qd7 64. Qb3 Qc7 65. Qf3 Qa7 66. Qe4 Qa1 67. Qf3 f6 68. Be4 Qb2+ 69. Kh3 Qc1 70. Bd3 Qe1 71. Kg2 Qd2+ 72. Qe2 Qg5 73. Qf3 f5 74. Kf2 Bd4+ 75. Kg2 Be5 76. Kf2 Qd2+ 77. Kf1 Qc1+ 78. Kg2 Qc3 79. Qb7+ Kh6 80. Qf3 Bd6 81. Qe3+ Kg7 82. Qf3 Kf6 83. Qe2 Be5 84. Qc2 Qe1 85. Qf2 Qc3 (85... Qb4 {is more complex.} 86. Qf3 Qd4 87. g4 f4 88. Kf1 g5) 86. Qb6+ Kg7 (86... Kf7 {keeps more tension.} 87. Qb5 Qd2+ 88. Kh3 Kf6 89. Qd5 Qb4) 87. Qa7+ (87. Qb7+ {seems wilder.}) 87... Kh6 88. Qe3+ Kg7 89. Qa7+ Bc7 90. Qe3 Qc6+ 91. Qf3 Qc5 92. g4 {The position is equal.} f4 93. Qe4 Qg5 94. Qe6 Bd8 95. Kf3 {Weighted Error Value: White=0.12/Black=0.10} 1/2-1/2

[Event "81st ARM-ch 1st League 2021"]
[Site "Yerevan"]
[Date "2021.01.24"]
[Round "3.1"]
[White "Davtyan, Artur"]
[Black "Sargsyan, Anna M."]
[Result "1-0"]
[WhiteElo "2466"]
[BlackElo "2402"]
[Annotator "TA"]
[PlyCount "85"]
[EventDate "2021.01.20"]
[EventType "tourn"]
[EventCountry "ARM"]
[SourceTitle "playchess.com"]
[Source "ChessBase"]
[SourceQuality "1"]

{[%evp 13,85,15,46,20,27,33,38,34,33,27,45,39,49,44,62,59,46,38,43,45,53,50,64,29,45,12,83,68,127,56,129,127,131,100,181,169,185,164,213,217,227,206,234,234,222,238,226,211,215,214,235,233,233,248,228,228,256,258,247,258,260,256,258,245,272,293,322,334,316,316,664,657,647,435]} 1. d4 d5 2. c4 e6 3. Nc3 Nf6 4. cxd5 exd5 5. Bg5 c6 6. e3 Bf5 {6...h6 is a critical line.} 7. Qf3 Be6 8. Bd3 {D35: Queen's Gambit Declined: Exchange Variation.} Nbd7 9. h3 {[#]} a5 $146 ({Predecessor:} 9... Qb6 10. Rb1 h6 11. Bf4 c5 12. Nge2 Be7 13. O-O c4 14. Bc2 g5 15. Bh2 h5 {1-0 (55) Korobov,A (2688)-Kuzubov,Y (2643) chess.com INT 2020}) 10. Nge2 {White is slightly better.} h6 11. Bf4 g5 12. Bh2 h5 13. Qg3 g4 14. h4 Be7 15. Qc7 Qxc7 16. Bxc7 Rc8 17. Bg3 (17. Bxa5 $2 b6 $17) 17... b5 18. f3 Nb6 19. Kf2 Kd7 (19... b4 $11 {remains equal.}) 20. Rac1 $16 {White leaves nothing to chance now.} Bd6 (20... a4 $14) 21. Rc2 (21. Bxd6 $16 Kxd6 22. Nf4) 21... Ne8 (21... gxf3 $14 22. gxf3 Nc4) 22. Bxd6 Nxd6 23. Ng3 f6 (23... Na4 $16 {might work better.}) 24. Nce2 $18 Bf7 25. Nf4 Rh6 26. Rhc1 Rc7 27. Nf5 Rh8 28. Nxd6 Kxd6 {[#]} 29. Bxb5 $1 {[%cal Rc2c6][%mdl 512]} Rhc8 30. Bd3 gxf3 31. gxf3 Rb8 32. b3 a4 33. Rg1 axb3 34. axb3 Nc8 35. Rc3 Ne7 36. Rg7 Be8 37. Rh7 Rcb7 38. Bc2 Ra7 39. e4 Ra2 40. Rh6 Ng8 41. e5+ Kd7 $2 {[#]} (41... Kc7) 42. Rh7+ Kc8 43. Kg3 {Weighted Error Value: White=0.07/Black=0.28} 1-0